000
00307nam a22001337a 4500
003
SGT
020
_a
9780367571269
082
_a
624,NAG
100
_a
NAGARAJAN, PRAVEEN
245
_a
MATRIX METHODS OF STRUCTURAL ANALYSIS
260
_a
LONDON NEW YORK
_b
CRC PRESS
_c
2020
300
_a
353
942
_2
ddc
_c
BK
999
_c
25840
_d
25840